[Event "CRO-chT U16"]
[Site "Nasice"]
[Date "2015.12.29"]
[Round "6.1"]
[White "Cigrovski, Jakov"]
[Black "Juric Cvitanovic, Katislav"]
[Result "1-0"]
[WhiteElo "1759"]
[BlackElo "1748"]
[PlyCount "83"]
[EventDate "2015.12.27"]
[EventType "team-tourn"]
[EventRounds "7"]
[EventCountry "CRO"]
[SourceTitle "EXT 2019"]
[Source "ChessBase"]
[SourceDate "2018.10.10"]
[SourceVersion "1"]
[SourceVersionDate "2018.10.10"]
[SourceQuality "1"]

1. Nf3 Nf6 2. g3 d5 3. Bg2 c5 4. 0-0 Nc6 5. d3 Bg4 6. c4 e6 7. Bf4 Bd6 8. Bxd6 Qxd6 9. Nbd2 d4 10. Ng5 0-0 11. Nge4 Nxe4 12. Nxe4 Qe7 13. a3 f5 14. Nd2 Ne5 15. Nf3 Nf7 16. Rb1 e5 17. Nd2 Ng5 18. b4 e4 19. f3 Bh3 20. f4 Bxg2 21. Kxg2 Ne6 22. Nb3 b6 23. bxc5 bxc5 24. Na5 g5 25. Rb7 Qf6 26. Nc6 gxf4 27. Ne7+ Kh8 28. Nd5 Qh6 29. Nxf4 Nxf4+ 30. Rxf4 Qc6 31. Re7 exd3+ 32. Kf2 dxe2 33. Qxe2 Qf6 34. Rh4 h6 35. Re6 d3 36. Rxh6+ Kg7 37. Qh5 Qd4+ 38. Kg2 Qb2+ 39. Kh3 Rf6 40. Rh7+ Kg8 41. Rh8+ Kg7 42. Qh7# 1-0

[Event "Adriatic U20 op"]
[Site "Split"]
[Date "2015.08.25"]
[Round "1"]
[White "Juric Cvitanovic, Katislav"]
[Black "Livaic, Leon"]
[Result "0-1"]
[WhiteElo "1707"]
[BlackElo "2281"]
[PlyCount "102"]
[EventDate "2015.08.25"]
[EventType "swiss"]
[EventRounds "9"]
[EventCountry "CRO"]
[SourceTitle "EXT 2016"]
[Source "ChessBase"]
[SourceDate "2015.10.08"]
[SourceVersion "1"]
[SourceVersionDate "2015.10.08"]
[SourceQuality "1"]

1. d4 Nf6 2. c4 e6 3. Nf3 b6 4. g3 Ba6 5. Qa4 Be7 6. Bg2 Bb7 7. 0-0 0-0 8. Nc3 Ne4 9. Nxe4 Bxe4 10. Ne5 Bxg2 11. Kxg2 Bf6 12. h4 c5 13. Be3 Qc7 14. Nf3 d6 15. Rad1 Nc6 16. d5 exd5 17. cxd5 Ne7 18. Bg5 Bxb2 19. Qb3 Bf6 20. Bxf6 gxf6 21. Qc3 Kg7 22. h5 h6 23. Nh2 Qd7 24. e4 b5 25. Rd3 b4 26. Qb2 a5 27. Rf3 Ng8 28. Rf5 Qe7 29. Re1 c4 30. Ng4 c3 31. Qc1 Rfe8 32. Rxf6 Qxf6 33. Nxf6 Nxf6 34. Qc2 Nxd5 35. Rd1 Nf6 36. Rxd6 Nxe4 37. Rd4 Nf6 38. Qf5 Rac8 39. Rf4 Re6 40. Qc2 Rc5 41. g4 Rb6 42. Rf5 Rbb5 43. Rxc5 Rxc5 44. f3 a4 45. Kf2 b3 46. axb3 axb3 47. Qc1 c2 48. g5 hxg5 49. Ke2 b2 50. h6+ Kg6 51. Qxb2 c1Q 0-1

[Event "CRO-chT U20 24th"]
[Site "Sv Filip i Jakov"]
[Date "2015.03.30"]
[Round "1.3"]
[White "Uran, Erik"]
[Black "Juric Cvitanovic, Katislav"]
[Result "1/2-1/2"]
[WhiteElo "1515"]
[BlackElo "1718"]
[PlyCount "71"]
[EventDate "2015.03.30"]
[EventType "team-tourn"]
[EventRounds "11"]
[EventCountry "CRO"]
[SourceTitle "CBM 165 Extra"]
[Source "ChessBase"]
[SourceDate "2015.04.21"]
[SourceVersion "1"]
[SourceVersionDate "2015.04.21"]
[SourceQuality "1"]

1. d4 Nf6 2. Nf3 e6 3. c3 Be7 4. Bf4 c5 5. e3 Qb6 6. Qc2 0-0 7. Nbd2 d5 8. Be2 Bd7 9. 0-0 Bb5 10. Bxb5 Qxb5 11. Qb3 Qxb3 12. Nxb3 cxd4 13. cxd4 Nbd7 14. h3 Rac8 15. Rac1 Nb6 16. Nc5 Bxc5 17. dxc5 Na4 18. Bd6 Ne4 19. Bxf8 Kxf8 20. Rc2 Rxc5 21. Rfc1 b6 22. Ne5 Ke7 23. Rxc5 bxc5 24. f3 Ng3 25. Kf2 f6 26. Nc6+ Kd6 27. Nxa7 Nf5 28. Rb1 d4 29. exd4 cxd4 30. Nb5+ Kd5 31. Nc7+ Kd6 32. Nb5+ Ke5 33. Nc7 Kd6 34. Nb5+ Kd5 35. Nc7+ Kd6 36. Nb5+ 1/2-1/2